000
00346nam a2200133Ia 4500
008
151001s9999||||xx |||||||||||||| ||und||
100
_a
वा शि आपटे
245
_a
वाट अर्धी संपली
250
_a
1
260
_b
सुरस ग्रंथमाला
260
_c
1973
300
_a
211
365
_b
18
999
_c
956038
_d
956035